000 00540nam a22001697a 4500
003 NUST
038 _aNusrat Nadeem
082 _a200
100 _aSafdar, Muhammad
_917031
245 _aSolvability of Systems of Differential Equations by Complex Symmetry Analysis/
_cMuhammad Safdar
264 _aIslamabad;
_bSNS NUST;
_c2013;
300 _a127,p;
_bill;
_c30,cm.
650 _aPhD-Mathematics
_9123169
700 _aSupervisor: Asghar Qadir
_9123621
856 _uhttp://10.250.8.41:8080/xmlui/handle/123456789/3395
942 _2ddc
_cSC
999 _c609749
_d609749